Najwięcej występów w Lidze Mistrzów! - Statystyki

Ogólne statystyki
  • Ten quiz został rozwiązany 217 razy
  • Średni wynik to 27 z 50
Statystyki odpowiedzi
Kraj Pozycja Nazwisko % Poprawnych
Portugalia Napastnik Ronaldo
100%
Argentyna Napastnik Messi
99%
Hiszpania Bramkarz Casillas
92%
Hiszpania Pomocnik Iniesta
84%
Polska Napastnik Lewandowski
84%
Hiszpania Pomocnik Xavi
84%
Czechy Bramkarz Cech
76%
Hiszpania Obrońca Ramos
76%
Włochy Bramkarz Buffon
74%
Włochy Obrońca Maldini
74%
Francja Napastnik Benzema
73%
Szwecja Napastnik Ibrahimovic
73%
Niemcy Bramkarz Neuer
71%
Walia Pomocnik Giggs
69%
Hiszpania Napastnik Raul
67%
Francja Napastnik Henry
66%
Niemcy Obrońca Lahm
65%
Hiszpania Obrońca Pique
65%
Portugalia Obrońca Pepe
62%
Niemcy Pomocnik Muller
61%
Hiszpania Obrońca Puyol
60%
Niemcy Bramkarz Kahn
55%
Holandia Bramkarz Van Der Sar
53%
Niemcy Pomocnik Kroos
52%
Anglia Pomocnik Lampard
52%
Brazylia Obrońca Carlos
51%
Włochy Pomocnik Pirlo
51%
Hiszpania Pomocnik Busquets
48%
Anglia Pomocnik Scholes
48%
Portugalia Napastnik Figo
47%
Brazylia Obrońca Marcelo
47%
Holandia Napastnik Robben
47%
Hiszpania Bramkarz Valdes
45%
Ukraina Napastnik Shevchenko
44%
Anglia Obrońca Cole
41%
Anglia Pomocnik Beckham
40%
Anglia Obrońca Terry
39%
Włochy Obrońca Nesta
38%
Brazylia Obrońca Alves
36%
Hiszpania Pomocnik Alonso
34%
Argentyna Pomocnik Mascherano
34%
Niemcy Pomocnik Schweinsteiger
31%
Holandia Pomocnik Seedorf
31%
Anglia Obrońca Neville
28%
Hiszpania Pomocnik Fabregas
25%
Argentyna Obrońca Zanetti
24%
Francja Obrońca Evra
22%
Francja Pomocnik Makelele
18%
Hiszpania Pomocnik Guti
13%
Brazylia Obrońca Maxwell
7%
Nie znaleziono quizów pasujących do podanych kryteriów
Rozkład punktacji
Procent ludzi z każdym wynikiem
Percentyl według liczby udzielonych odpowiedzi
Twoja historia wyników
Nie rozwiązałeś tego quizu